[Event "BL 9394 Dortmund-München 36"]
[Site "?"]
[Date "1994.??.??"]
[Round "?.5"]
[White "Pezerovic, E."]
[Black "Buecker, S."]
[Result "0-1"]
[WhiteElo "2395"]
[BlackElo "2335"]
[PlyCount "120"]
[EventDate "1994.??.??"]

1. Nf3 f5 2. d4 Nf6 3. c4 g6 4. Nc3 c6 5. Bf4 Bg7 6. e3 d6 7. Qc2 Qa5 8. a3 Na6
9. Qd2 Nh5 10. O-O-O h6 11. Be2 Be6 12. Nh4 Nxf4 13. exf4 Bf7 14. Rhe1 O-O-O
15. Qc2 Kb8 16. Nf3 Rc8 17. Bf1 Rhe8 18. Kb1 Bf6 19. h4 e6 20. g3 Re7 21. Re3
Rd7 22. Na2 c5 23. dxc5 Nxc5 24. Nd4 Qb6 25. Nb3 Na4 26. Nc3 Nxc3+ 27. bxc3
Rdc7 28. Ka1 e5 29. fxe5 dxe5 30. Rb1 Qa6 31. Qb2 Bxc4 32. Bxc4 Rxc4 33. Nd2
R4c7 34. Ka2 e4 35. Rc1 Rd8 36. Rc2 Rd5 37. Qb3 Rcd7 38. Nc4 Rc5 39. Nb2 Rc8
40. Na4 Rc4 41. Nb2 Rc8 42. f3 exf3 43. Rxf3 Qa5 44. Qe6 Rdc7 45. c4 Rc6 46.
Qe2 h5 47. Rb3 Qc7 48. Qf3 b6 49. Rb4 Be5 50. Nd3 Bxg3 51. c5 Bd6 52. Rbc4 Qb7
53. a4 bxc5 54. Qd1 Ka8 55. a5 Qb5 56. Qd2 Rb8 57. Rc1 Qb3+ 58. Ka1 Qa3+ 59.
Qa2 Qxd3 60. R4c3 Be5 0-1

[Event "BL 9394 Dortmund-München 36"]
[Site "?"]
[Date "1994.??.??"]
[Round "?.6"]
[White "Seger, R."]
[Black "Reich, T."]
[Result "1/2-1/2"]
[WhiteElo "2350"]
[BlackElo "2385"]
[PlyCount "101"]
[EventDate "1994.??.??"]

1. e4 d6 2. d4 Nf6 3. Nc3 g6 4. Nf3 Bg7 5. Be2 O-O 6. O-O c6 7. Re1 Qc7 8. e5
dxe5 9. Nxe5 Nd5 10. Nxd5 cxd5 11. Bf3 e6 12. Bf4 Qb6 13. Rb1 Nc6 14. c3 Nxe5
15. Bxe5 Bd7 16. Qd2 Rfc8 17. h4 h5 18. Bxg7 Kxg7 19. Re5 Qd8 20. g3 Qf6 21.
Kg2 a5 22. Rbe1 b5 23. a3 b4 24. cxb4 Ba4 25. bxa5 Rc2 26. Qb4 Bd7 27. R1e2
Rcc8 28. Qd2 Ba4 29. b4 Rc4 30. Qb2 Rac8 31. b5 Qd8 32. b6 Ra8 33. Qb1 Rxa5 34.
Rb2 Ra8 35. Bd1 Bxd1 36. Qxd1 Rb8 37. Qb1 Rxd4 38. Re3 Rc4 39. Reb3 Rb7 40. Qd3
Qd6 41. Rb4 Rxb4 42. Rxb4 e5 43. Rb5 d4 44. Qe4 Rxb6 45. Rxb6 Qxb6 46. Qxe5+
Kh7 47. Qd5 Kg8 48. a4 d3 49. a5 Qa7 50. Kf1 Kg7 51. Qxd3 1/2-1/2

[Event "BL 9394 Dortmund-München 36"]
[Site "?"]
[Date "1994.??.??"]
[Round "?.7"]
[White "Geisler, F."]
[Black "Straeter, T."]
[Result "0-1"]
[WhiteElo "2265"]
[BlackElo "2365"]
[PlyCount "70"]
[EventDate "1994.??.??"]

1. e4 e5 2. Nf3 Nc6 3. Bb5 a6 4. Ba4 d6 5. Bxc6+ bxc6 6. d4 exd4 7. Qxd4 c5 8.
Qd3 Bb7 9. Nc3 Nf6 10. Bg5 Be7 11. O-O-O O-O 12. Rhe1 Re8 13. e5 dxe5 14. Qc4
Nd7 15. Bxe7 Qxe7 16. Nd5 Bxd5 17. Qxd5 Rad8 18. Qb7 Nf6 19. Qxa6 Rxd1+ 20.
Rxd1 e4 21. Nd2 Qe5 22. Qc4 h5 23. h3 Qg5 24. a4 Qxg2 25. Qxc5 Qxh3 26. Qxc7 h4
27. a5 Qg2 28. a6 h3 29. Qc6 e3 30. Qxg2 exd2+ 31. Kxd2 hxg2 32. Rg1 Ra8 33.
Rxg2 Rxa6 34. b4 Rc6 35. c3 Ne4+ 0-1

[Event "BL 9394 Dortmund-München 36"]
[Site "?"]
[Date "1994.??.??"]
[Round "?.8"]
[White "Schulenburg, P."]
[Black "Sandor, C."]
[Result "1-0"]
[WhiteElo "2290"]
[BlackElo "2340"]
[PlyCount "97"]
[EventDate "1994.??.??"]

1. g3 c5 2. Bg2 g6 3. d3 Bg7 4. e4 Nc6 5. Nf3 e5 6. O-O Nge7 7. c3 O-O 8. a3 d6
9. b4 a6 10. Bb2 h6 11. Nbd2 b5 12. a4 Be6 13. bxc5 dxc5 14. Nb3 Qb6 15. a5
Bxb3 16. axb6 Bxd1 17. Rfxd1 Rfb8 18. Bc1 Nd8 19. Ba3 Ne6 20. Bh3 f5 21. Nh4
Rxb6 22. exf5 Ng5 23. Bg2 Rc8 24. d4 exd4 25. cxd4 b4 26. dxc5 Rbb8 27. Ra2
bxa3 28. Rxa3 Rxc5 29. Nxg6 Nxf5 30. h4 Nf7 31. Rxa6 Rb2 32. Be4 Re2 33. Ra8+
Kh7 34. Bd3 Re6 35. Nf4 Rd6 36. g4 Rxd3 37. Nxd3 Rd5 38. gxf5 Ne5 39. Nb2 Nf3+
40. Kf1 Rxf5 41. Rd7 Nxh4 42. Ra4 Nf3 43. Raa7 Rg5 44. Nc4 h5 45. Nd6 Nh4 46.
Ne8 Nf5 47. Rd5 Kh6 48. Ra6+ Kh7 49. Raa5 1-0

[Event "BL 9394 Solingen-Bayern"]
[Site "?"]
[Date "1994.??.??"]
[Round "?.3"]
[White "Ribli, Z."]
[Black "Podzielny, KH."]
[Result "1-0"]
[WhiteElo "2600"]
[BlackElo "2470"]
[PlyCount "83"]
[EventDate "1994.??.??"]

1. g3 c5 2. Bg2 Nf6 3. c4 e6 4. Nf3 a6 5. Nc3 Qc7 6. O-O b6 7. d4 cxd4 8. Qxd4
Nc6 9. Bf4 d6 10. Qd2 Bb7 11. Rfd1 Rd8 12. Rac1 Qb8 13. Be3 Ba8 14. b4 Be7 15.
b5 axb5 16. cxb5 Ne5 17. Na4 Ned7 18. Qc2 Nc5 19. Nxc5 bxc5 20. a4 O-O 21. Qb2
Ne4 22. Ne1 Rc8 23. b6 d5 24. Bxe4 Bf6 25. Qb1 dxe4 26. Rxc5 Rxc5 27. Bxc5 Rc8
28. Bd4 e3 29. Bxe3 Qb7 30. Nf3 Qa6 31. Qb5 Qxb5 32. axb5 Kf8 33. Rd7 Ke8 34.
Ra7 Bd5 35. g4 Bd8 36. h3 Ra8 37. Ne5 Rxa7 38. bxa7 Bb7 39. b6 Bd5 40. Bc5 f6
41. Nc4 Kd7 42. f3 1-0

[Event "BL 9394 Solingen-Bayern"]
[Site "?"]
[Date "1994.??.??"]
[Round "?.4"]
[White "Zysk, R."]
[Black "Kindermann, S."]
[Result "1/2-1/2"]
[WhiteElo "2440"]
[BlackElo "2535"]
[PlyCount "75"]
[EventDate "1994.??.??"]

1. d4 Nf6 2. c4 e6 3. Nc3 Bb4 4. e3 O-O 5. Bd3 d5 6. Nge2 c5 7. cxd5 cxd4 8.
exd4 Nxd5 9. O-O Nc6 10. Be4 Bd6 11. g3 Nf6 12. Bg2 Bd7 13. Be3 Qa5 14. a3 Rfd8
15. h3 Qh5 16. f4 Ne7 17. g4 Qa5 18. Bxb7 Rab8 19. b4 Qb6 20. Bg2 a5 21. bxa5
Qxa5 22. Qd2 Qa6 23. Bf2 Ng6 24. Bg3 Bc6 25. Bxc6 Qxc6 26. Qd3 Rb3 27. Rfb1
Rxa3 28. Rxa3 Bxa3 29. f5 exf5 30. gxf5 Nf8 31. Rb8 Rxb8 32. Bxb8 N8d7 33. Bg3
h6 34. d5 Qb6+ 35. Kg2 Bd6 36. Qd2 Bxg3 37. Kxg3 Qd6+ 38. Kg2 {(...43.)}
1/2-1/2

[Event "BL 9394 Solingen-Bayern"]
[Site "?"]
[Date "1994.??.??"]
[Round "?.5"]
[White "Schlosser, P."]
[Black "Reeh, O."]
[Result "1-0"]
[WhiteElo "2540"]
[BlackElo "2430"]
[PlyCount "99"]
[EventDate "1994.??.??"]

1. d4 Nf6 2. Nf3 e6 3. c4 Bb4+ 4. Nbd2 b6 5. a3 Bxd2+ 6. Bxd2 Bb7 7. Bg5 h6 8.
Bh4 d6 9. e3 Nbd7 10. Qc2 Qe7 11. Rd1 O-O 12. Be2 Rfe8 13. O-O Nf8 14. b4 Ng6
15. Bxf6 Qxf6 16. c5 Qe7 17. c6 Bc8 18. Bd3 Nf8 19. Nd2 a5 20. e4 e5 21. d5 Nh7
22. Nc4 axb4 23. axb4 Ba6 24. Ra1 Bxc4 25. Qxc4 g6 26. Ra6 Qg5 27. Rfa1 Rxa6
28. Qxa6 Qd2 29. Qc4 Nf6 30. g3 h5 31. h4 Kg7 32. b5 Ng4 33. Qc2 Qh6 34. Ra7
Re7 35. Ra8 g5 36. Qd2 gxh4 37. Qxh6+ Kxh6 38. f3 Nf6 39. gxh4 Re8 40. Ra7 Re7
41. Bf1 Kg7 42. Bh3 Kf8 43. Kf2 Ne8 44. Bd7 f5 45. Bxf5 Nf6 46. Be6 Ne8 47. Ra8
Kg7 48. Rc8 Nf6 49. Ke3 Kg6 50. Bd7 1-0

[Event "BL 9394 Solingen-Bayern"]
[Site "?"]
[Date "1994.??.??"]
[Round "?.6"]
[White "Schaefer, Ma"]
[Black "Boensch, U."]
[Result "1-0"]
[WhiteElo "2460"]
[BlackElo "2535"]
[PlyCount "59"]
[EventDate "1994.??.??"]

1. e4 c5 2. Nf3 Nc6 3. d4 cxd4 4. Nxd4 Nf6 5. Nc3 Qb6 6. Nb3 e6 7. Bd3 d6 8.
O-O Qc7 9. f4 a6 10. Qf3 Be7 11. Be3 Rb8 12. Qg3 O-O 13. Rae1 Nd7 14. Kh1 Qd8
15. Rd1 b5 16. e5 dxe5 17. f5 exf5 18. Bxf5 g6 19. Bh6 Qe8 20. Nd5 Bd8 21. Bxd7
Bxd7 22. Nc5 Bc8 23. Ne4 f5 24. Nd6 Qe6 25. Bxf8 Kxf8 26. Ne3 Nd4 27. Ndxf5
gxf5 28. Nxf5 Nxf5 29. Rxd8+ Ke7 30. Qg5+ 1-0

[Event "BL 9394 Solingen-Bayern"]
[Site "?"]
[Date "1994.??.??"]
[Round "?.8"]
[White "Schmidt, B."]
[Black "Bischoff, K."]
[Result "0-1"]
[WhiteElo "2340"]
[BlackElo "2500"]
[PlyCount "122"]
[EventDate "1994.??.??"]

1. Nf3 Nf6 2. d4 e6 3. Bg5 h6 4. Bxf6 Qxf6 5. e4 d6 6. Nbd2 Nd7 7. c3 g6 8. Bd3
Bg7 9. O-O O-O 10. Nc4 e5 11. dxe5 dxe5 12. b4 Qe7 13. Qc2 b6 14. Ne3 Nf6 15.
Rfe1 Bb7 16. Nd2 Rfd8 17. Bc4 h5 18. f3 Bh6 19. Ndf1 a6 20. a4 a5 21. Qb3 Kg7
22. Red1 Bc6 23. Nd5 Nxd5 24. Bxd5 Bxd5 25. Rxd5 Rxd5 26. Qxd5 axb4 27. cxb4
Qxb4 28. Qxe5+ Kg8 29. Ra2 Qc4 30. Qd5 Rxa4 31. Rxa4 Qxa4 32. Qd8+ Bf8 33. Ne3
Qa1+ 34. Kf2 Qb2+ 35. Kf1 c6 36. g4 Qc3 37. Ke2 Kg7 38. gxh5 Bc5 39. h6+ Kxh6
40. Ng4+ Kg7 41. e5 Qc4+ 42. Ke1 Qb4+ 43. Kf1 Be7 44. Qd7 Qc4+ 45. Kg2 Qe6 46.
Qd2 b5 47. h4 Kg8 48. Kg3 c5 49. Qd3 b4 50. Qe4 c4 51. f4 f5 52. Qa8+ Kg7 53.
Ne3 c3 54. Qa4 b3 55. Qd4 c2 56. Qc3 Ba3 57. Nxc2 bxc2 58. Qxa3 Qc6 59. Qe7+
Kg8 60. e6 Qc3+ 61. Kg2 c1=Q 0-1

[Event "BL 9394 München 36-Solingen"]
[Site "?"]
[Date "1994.??.??"]
[Round "?.3"]
[White "Podzielny, KH."]
[Black "Hodgson, JM."]
[Result "0-1"]
[WhiteElo "2470"]
[BlackElo "2570"]
[PlyCount "108"]
[EventDate "1994.??.??"]

1. Nf3 d6 2. c4 e5 3. d4 e4 4. Ng5 f5 5. Nc3 g6 6. g4 h6 7. Nh3 g5 8. gxf5 Bxf5
9. Ng1 Nf6 10. e3 Bg7 11. Nge2 O-O 12. Ng3 Qd7 13. Bg2 Nc6 14. Qb3 Bh7 15. h4
g4 16. Nce2 Qf7 17. Bd2 Rab8 18. Nf4 h5 19. Bc3 Ne7 20. O-O-O Bh6 21. d5 Bxf4
22. exf4 Nd7 23. Bd4 Nc5 24. Qe3 Nf5 25. Nxf5 Qxf5 26. Bxc5 dxc5 27. d6 cxd6
28. Rd5 Qxf4 29. Rg5+ Kh8 30. Rxh5 Rbe8 31. Rd1 Re5 32. Qxf4 Rxf4 33. Rxe5 dxe5
34. Rd2 Kg7 35. Kd1 Kh6 36. Ke2 e3 37. Kxe3 Rxc4 38. Rd6+ Bg6 39. Bxb7 Rb4 40.
Ba8 Rxb2 41. Re6 Kh5 42. Rxe5+ Kxh4 43. Rxc5 Rxa2 44. Bd5 Ra3+ 45. Kf4 Ra4+ 46.
Ke5 Kg5 47. Rc8 Rf4 48. Ra8 Rxf2 49. Rxa7 Re2+ 50. Kd4 Kf4 51. Ra1 Rd2+ 52. Kc5
Be4 53. Bc4 g3 54. Rf1+ Bf3 0-1

[Event "BL 9394 München 36-Solingen"]
[Site "?"]
[Date "1994.??.??"]
[Round "?.4"]
[White "Ruf, M."]
[Black "Zysk, R."]
[Result "0-1"]
[WhiteElo "2395"]
[BlackElo "2440"]
[PlyCount "64"]
[EventDate "1994.??.??"]

1. d4 f5 2. Nc3 d5 3. Bf4 c6 4. e3 Nf6 5. Bd3 g6 6. h3 Bg7 7. Nf3 Be6 8. a3 Ne4
9. Ne2 Nd7 10. b3 h6 11. Bh2 g5 12. Ra2 O-O 13. c4 dxc4 14. Bxc4 Bxc4 15. bxc4
Qa5+ 16. Nd2 Nb6 17. Qc1 e5 18. O-O Nxd2 19. Rxd2 f4 20. Rb2 fxe3 21. fxe3
Rxf1+ 22. Kxf1 Rf8+ 23. Kg1 exd4 24. exd4 Qxa3 25. Bc7 Re8 26. Qc2 Re7 27. Bxb6
axb6 28. Ra2 Qe3+ 29. Kh1 Re8 30. d5 Rf8 31. Qb1 Kh8 32. Qg6 Rf1+ 0-1

[Event "BL 9394 München 36-Solingen"]
[Site "?"]
[Date "1994.??.??"]
[Round "?.5"]
[White "Reeh, O."]
[Black "Pezerovic, E."]
[Result "1-0"]
[WhiteElo "2430"]
[BlackElo "2395"]
[PlyCount "59"]
[EventDate "1994.??.??"]

1. e4 c6 2. c4 d5 3. cxd5 cxd5 4. exd5 Nf6 5. Nc3 g6 6. Bc4 Nbd7 7. Nf3 Nb6 8.
Bb3 Nbxd5 9. O-O Bg7 10. Re1 e6 11. d4 O-O 12. Ne5 b6 13. Bg5 h6 14. Bxf6 Nxf6
15. d5 Nxd5 16. Nxd5 Bxe5 17. Rxe5 exd5 18. Rxd5 Qf6 19. Rd6 Qf5 20. h4 Bb7 21.
h5 Qxh5 22. Qxh5 gxh5 23. Rxh6 Rad8 24. Rxh5 Rd2 25. Rg5+ Kh7 26. Re1 Rg8 27.
Rxg8 Kxg8 28. Re8+ Kg7 29. Re7 Bd5 30. Rd7 1-0

[Event "BL 9394 München 36-Solingen"]
[Site "?"]
[Date "1994.??.??"]
[Round "?.6"]
[White "Reich, T."]
[Black "Schaefer, Ma"]
[Result "1/2-1/2"]
[WhiteElo "2385"]
[BlackElo "2460"]
[PlyCount "35"]
[EventDate "1994.??.??"]

1. e4 e6 2. d4 d5 3. exd5 exd5 4. c4 Bb4+ 5. Nc3 Ne7 6. Nf3 O-O 7. Bd3 Nbc6 8.
O-O dxc4 9. Bxc4 Bg4 10. Be3 Nf5 11. Qd3 Nd6 12. Ne5 Bf5 13. Qe2 Bxc3 14. Nxc6
bxc6 15. bxc3 Nxc4 16. Qxc4 Qd5 17. Qxd5 cxd5 18. Bf4 1/2-1/2

[Event "BL 9394 München 36-Solingen"]
[Site "?"]
[Date "1994.??.??"]
[Round "?.7"]
[White "Thesing, M."]
[Black "Geisler, F."]
[Result "1/2-1/2"]
[WhiteElo "2375"]
[BlackElo "2265"]
[PlyCount "55"]
[EventDate "1994.??.??"]

1. Nf3 f5 2. d4 Nf6 3. Bg5 e6 4. Nbd2 Be7 5. e3 O-O 6. Bd3 d5 7. Ne5 Nbd7 8.
Qe2 Nxe5 9. dxe5 Nd7 10. Bxe7 Qxe7 11. f4 Nc5 12. O-O-O Bd7 13. Kb1 Be8 14. g4
Nxd3 15. cxd3 fxg4 16. Qxg4 Bg6 17. Nf3 Bf5 18. Qg3 c5 19. Nh4 Rad8 20. Rhg1 a5
21. Rd2 a4 22. Nxf5 Rxf5 23. Rdg2 Rf7 24. Qh3 b5 25. Rg5 g6 26. Qg2 Kh8 27. h4
Rg7 28. Qh2 1/2-1/2

[Event "BL 9394 München 36-Solingen"]
[Site "?"]
[Date "1994.??.??"]
[Round "?.8"]
[White "Sandor, C."]
[Black "Schmidt, B."]
[Result "1-0"]
[WhiteElo "2340"]
[BlackElo "2340"]
[PlyCount "53"]
[EventDate "1994.??.??"]

1. e4 e6 2. d4 d5 3. Nc3 Bb4 4. Qd3 dxe4 5. Qxe4 Nf6 6. Qh4 b6 7. Nf3 Bb7 8.
Bd3 Nbd7 9. O-O O-O 10. Ne5 Be7 11. Bg5 h6 12. Bxh6 gxh6 13. Qxh6 Re8 14. Nxd7
Qxd7 15. Rae1 Bf8 16. Qxf6 Bg7 17. Qf4 Bxd4 18. Ne4 f5 19. Ng5 Bxb2 20. Re3 Re7
21. Bc4 Bd5 22. c3 Rae8 23. Rh3 Qd6 24. Qd4 Rg7 25. Qh4 Rxg5 26. Qxg5+ Kf8 27.
Qf6+ 1-0

[Event "BL 9394 Bayern-Dortmund"]
[Site "?"]
[Date "1994.??.??"]
[Round "?.1"]
[White "Beckhuis, G."]
[Black "Huebner, R."]
[Result "0-1"]
[WhiteElo "2195"]
[BlackElo "2610"]
[PlyCount "98"]
[EventDate "1994.??.??"]

1. d4 Nf6 2. Nf3 b6 3. c4 e6 4. g3 Ba6 5. b3 Bb7 6. Bg2 Bb4+ 7. Bd2 a5 8. O-O
O-O 9. Qc2 c5 10. Nc3 Na6 11. Rad1 d5 12. cxd5 exd5 13. Qb2 Qe7 14. dxc5 bxc5
15. a3 d4 16. axb4 dxc3 17. Bxc3 cxb4 18. Be5 Rfc8 19. Nh4 Bxg2 20. Kxg2 Re8
21. Bxf6 Qxf6 22. Qxf6 gxf6 23. Rd5 Nc7 24. Rd7 Ne6 25. Rc1 Rec8 26. Rxc8+ Rxc8
27. Nf5 Rc7 28. Rxc7 Nxc7 29. Nd4 Ne6 30. Nc6 a4 31. bxa4 b3 32. Ne7+ Kf8 33.
Nd5 Nc7 34. Nc3 Ke7 35. Kf3 Kd6 36. Ke4 Kc5 37. Kd3 Kb4 38. e4 Ne6 39. h4 Nc5+
40. Kd2 Nxa4 41. Nb1 Kc4 42. Ke3 b2 43. Kd2 Nc5 44. f3 Kb3 45. g4 Ne6 46. Ke3
Kc2 47. Na3+ Kc1 48. Kd3 Nf4+ 49. Kc3 Ng2 0-1

[Event "BL 9394 Bayern-Dortmund"]
[Site "?"]
[Date "1994.??.??"]
[Round "?.2"]
[White "Yusupov, A."]
[Black "Mainka, G."]
[Result "1-0"]
[WhiteElo "2665"]
[BlackElo "2385"]
[PlyCount "47"]
[EventDate "1994.??.??"]

1. d4 d5 2. Nf3 e6 3. c4 Nf6 4. Nc3 c5 5. cxd5 cxd4 6. Nxd4 Nxd5 7. Bd2 Be7 8.
e4 Nxc3 9. Bxc3 O-O 10. Bc4 a6 11. a4 Qc7 12. Qe2 Bd6 13. h4 Nd7 14. O-O Nf6
15. Bb3 e5 16. Nf5 Bxf5 17. exf5 Rfe8 18. a5 Qe7 19. Ra4 Bc5 20. g4 Rad8 21. g5
Nd5 22. Re4 Nf4 23. Qg4 g6 24. Rxe5 1-0

[Event "BL 9394 Bayern-Dortmund"]
[Site "?"]
[Date "1994.??.??"]
[Round "?.3"]
[White "Kalka, A."]
[Black "Ribli, Z."]
[Result "1/2-1/2"]
[WhiteElo "2345"]
[BlackElo "2600"]
[PlyCount "101"]
[EventDate "1994.??.??"]

1. e4 c5 2. Nf3 e6 3. d4 cxd4 4. Nxd4 a6 5. Bd3 Bc5 6. Nb3 Ba7 7. c4 d6 8. O-O
Nc6 9. Qe2 Nf6 10. Be3 O-O 11. Nc3 Bxe3 12. Qxe3 b6 13. Rac1 Rb8 14. Rfd1 Qe7
15. Be2 Rd8 16. Nd4 Bb7 17. Nxc6 Bxc6 18. e5 dxe5 19. Qxe5 Qb7 20. Bf1 Rdc8 21.
b4 h6 22. f3 a5 23. bxa5 Nd7 24. Qh5 bxa5 25. Qxa5 Ra8 26. Qh5 Ra3 27. Nb5 Rxa2
28. Nd6 Qa7+ 29. c5 Rf8 30. Bb5 Bd5 31. Bxd7 Qxd7 32. Ne4 Ra5 33. Qe5 Rc8 34.
Qc3 Qc7 35. Ra1 Rxa1 36. Rxa1 f5 37. Nd6 Qxc5+ 38. Qxc5 Rxc5 39. Ra7 Rc1+ 40.
Kf2 Rh1 41. Rd7 f4 42. Rf7 g5 43. Rd7 Bc6 44. Re7 g4 45. Rxe6 gxf3 46. gxf3
Rxh2+ 47. Kg1 Rh3 48. Ne4 Bxe4 49. Rxe4 Rxf3 50. Kg2 Rg3+ 51. Kf2 1/2-1/2

[Event "BL 9394 Bayern-Dortmund"]
[Site "?"]
[Date "1994.??.??"]
[Round "?.4"]
[White "Schlosser, P."]
[Black "Lingnau, C."]
[Result "1/2-1/2"]
[WhiteElo "2540"]
[BlackElo "2395"]
[PlyCount "37"]
[EventDate "1994.??.??"]

1. d4 d5 2. c4 c6 3. cxd5 cxd5 4. Bf4 Nc6 5. e3 Nf6 6. Nc3 a6 7. Bd3 Bg4 8.
Nge2 e6 9. O-O Be7 10. a3 O-O 11. b4 b5 12. f3 Bh5 13. Nc1 Bg6 14. Nb3 Nd7 15.
Rc1 Nb6 16. Nxb5 Bxd3 17. Qxd3 axb5 18. Rxc6 Nc4 19. Na5 1/2-1/2

[Event "BL 9394 Bayern-Dortmund"]
[Site "?"]
[Date "1994.??.??"]
[Round "?.5"]
[White "Buecker, S."]
[Black "Boensch, U."]
[Result "1-0"]
[WhiteElo "2335"]
[BlackElo "2535"]
[PlyCount "73"]
[EventDate "1994.??.??"]

1. e4 c5 2. b3 Nc6 3. Bb2 d5 4. exd5 Qxd5 5. Nc3 Qd8 6. Qh5 e6 7. Ne4 g6 8. Qf3
e5 9. Bb5 Bg7 10. Bxc6+ bxc6 11. Qe3 f5 12. Nxc5 Nh6 13. Nf3 O-O 14. h3 f4 15.
Qe4 Nf7 16. O-O-O Bf5 17. Qc4 Kh8 18. d4 e4 19. Ne5 Qd5 20. g4 fxg3 21. fxg3
Nxe5 22. Qxd5 Nd3+ 23. cxd3 cxd5 24. g4 Bc8 25. dxe4 dxe4 26. Rhf1 Rxf1 27.
Rxf1 h5 28. Rg1 hxg4 29. hxg4 e3 30. Kd1 a5 31. Ke2 Ra7 32. Kxe3 Re7+ 33. Kd3
Kg8 34. a3 Bh6 35. g5 Bf5+ 36. Kc4 Bg7 37. Bc3 1-0

[Event "BL 9394 Bayern-Dortmund"]
[Site "?"]
[Date "1994.??.??"]
[Round "?.6"]
[White "Stangl, M."]
[Black "Seger, R."]
[Result "1-0"]
[WhiteElo "2540"]
[BlackElo "2350"]
[PlyCount "57"]
[EventDate "1994.??.??"]

1. e4 c6 2. d4 d5 3. e5 c5 4. dxc5 Nc6 5. Bb5 e6 6. Be3 Qa5+ 7. Nc3 Nge7 8. Nf3
Nf5 9. Bd2 Qb4 10. Nxd5 Qe4+ 11. Ne3 Nxe3 12. fxe3 Bxc5 13. Qe2 Bd7 14. Bd3 Qa4
15. O-O h6 16. a3 Ne7 17. b4 Bb6 18. c4 a6 19. Bc3 Rc8 20. Bd4 Bc7 21. Bc5 b6
22. Bd6 Bxd6 23. exd6 Nf5 24. g4 Nxd6 25. Nd4 e5 26. Bc2 exd4 27. exd4+ Kd8 28.
Bxa4 Bxa4 29. Qe5 1-0

[Event "BL 9394 Bayern-Dortmund"]
[Site "?"]
[Date "1994.??.??"]
[Round "?.7"]
[White "Straeter, T."]
[Black "Bischoff, K."]
[Result "0-1"]
[WhiteElo "2365"]
[BlackElo "2500"]
[PlyCount "32"]
[EventDate "1994.??.??"]

1. d4 Nf6 2. Nf3 e6 3. c4 b6 4. a3 Ba6 5. Qc2 Bb7 6. Nc3 c5 7. e4 cxd4 8. Nxd4
Nc6 9. Nxc6 Bxc6 10. Be2 Qb8 11. O-O Bc5 12. Kh1 h5 13. f4 Ng4 14. b4 Bd4 15.
Bf3 Qd8 16. Ra2 Nxh2 0-1

[Event "BL 9394 HSK-Castrop Rauxel"]
[Site "?"]
[Date "1994.??.??"]
[Round "?.1"]
[White "Sehner, N."]
[Black "Wahls, M."]
[Result "0-1"]
[WhiteElo "2415"]
[BlackElo "2520"]
[PlyCount "66"]
[EventDate "1994.??.??"]

1. c4 Nf6 2. g3 g6 3. Bg2 Bg7 4. Nc3 O-O 5. d3 d6 6. e3 c6 7. Nge2 d5 8. cxd5
cxd5 9. b4 e5 10. O-O Re8 11. a4 Nc6 12. b5 Na5 13. Ba3 d4 14. exd4 exd4 15.
Ne4 Nxe4 16. dxe4 Bg4 17. f3 d3 18. Nf4 Qd4+ 19. Kh1 Qxa1 20. Qxa1 Bxa1 21.
Rxa1 Be6 22. Nxd3 Rad8 23. Nf4 Bb3 24. Bb4 b6 25. h4 f6 26. Bh3 Kf7 27. Kg2 Rd4
28. Be1 Rxa4 29. Rb1 Ra3 30. Bd7 Re7 31. Bxa5 Rxd7 32. Bb4 Ra2+ 33. Kh3 Bd1 0-1

[Event "BL 9394 HSK-Castrop Rauxel"]
[Site "?"]
[Date "1994.??.??"]
[Round "?.2"]
[White "Ftacnik, L."]
[Black "Libeau, R."]
[Result "1/2-1/2"]
[WhiteElo "2565"]
[BlackElo "2445"]
[PlyCount "64"]
[EventDate "1994.??.??"]

1. d4 Nf6 2. Nf3 e6 3. c4 Bb4+ 4. Nbd2 b6 5. a3 Bxd2+ 6. Bxd2 Bb7 7. g3 Nc6 8.
Bc3 Ne4 9. Rc1 O-O 10. Bg2 d5 11. cxd5 exd5 12. O-O Re8 13. b4 a5 14. b5 Na7
15. Qd3 c6 16. bxc6 Nxc6 17. Ba1 a4 18. Ne5 Nxe5 19. dxe5 Nc5 20. Qb1 Nb3 21.
Rcd1 Qe7 22. Bb2 Rad8 23. Qd3 Na5 24. Qb5 Nc4 25. Ba1 Qxa3 26. Bxd5 Bxd5 27.
Rxd5 Qb3 28. Qxb3 axb3 29. Rb5 Rd2 30. Rxb3 Rxe2 31. Rc1 Nxe5 32. Bxe5 R2xe5
1/2-1/2

[Event "BL 9394 HSK-Castrop Rauxel"]
[Site "?"]
[Date "1994.??.??"]
[Round "?.4"]
[White "Maus, So"]
[Black "Ambroz, J."]
[Result "1/2-1/2"]
[WhiteElo "2420"]
[BlackElo "2420"]
[PlyCount "94"]
[EventDate "1994.??.??"]

1. e4 e6 2. d4 d5 3. Nc3 Be7 4. e5 b6 5. h4 Qd7 6. Qg4 Bf8 7. h5 h6 8. Be3 Ne7
9. f4 Nbc6 10. O-O-O Bb7 11. Qf3 O-O-O 12. g4 Kb8 13. Bh3 Na5 14. Kb1 Nc4 15.
Bc1 c5 16. Nge2 Nc6 17. Rhe1 Rc8 18. dxc5 Bxc5 19. Qg3 d4 20. Bg2 Rhd8 21. Nb5
a6 22. Bxc6 Bxc6 23. Nbxd4 Bd5 24. Nb3 Bb4 25. c3 Bf8 26. Ka1 Qa4 27. Rd4 Qb5
28. Red1 Be7 29. f5 Na5 30. Nxa5 Qxa5 31. a3 Qb5 32. f6 Bf8 33. fxg7 Bxg7 34.
Qe3 Bc4 35. b4 Bxe2 36. Rxd8 Bxd1 37. Qd2 Bxe5 38. Rxc8+ Kxc8 39. Qxd1 Bxc3+
40. Kb1 Qc4 41. Qc2 Kd7 42. Bxh6 a5 43. bxa5 bxa5 44. Bc1 Qb5+ 45. Ka2 Qc4+ 46.
Kb1 Qb5+ 47. Ka2 Qc4+ 1/2-1/2

[Event "BL 9394 HSK-Castrop Rauxel"]
[Site "?"]
[Date "1994.??.??"]
[Round "?.5"]
[White "Hermesmann, H."]
[Black "Michaelsen, N."]
[Result "1/2-1/2"]
[WhiteElo "2295"]
[BlackElo "2430"]
[PlyCount "144"]
[EventDate "1994.??.??"]

1. d4 Nf6 2. c4 g6 3. Nc3 d5 4. Bg5 Ne4 5. Nxe4 dxe4 6. Qd2 Bg7 7. e3 O-O 8.
Ne2 h6 9. Bh4 f5 10. f3 exf3 11. gxf3 c5 12. d5 Nd7 13. f4 Nf6 14. Nc3 Ne4 15.
Nxe4 fxe4 16. Bg2 Bf5 17. O-O Qd6 18. Qc2 e6 19. Rad1 Rae8 20. Rd2 b6 21. Qa4
a5 22. Qd1 Rf7 23. Qe2 h5 24. Bg5 Bg4 25. Qe1 Bf5 26. Qh4 Rd7 27. Bh3 Qf8 28.
Rfd1 Bxh3 29. Qxh3 Qf5 30. Qg2 Kh7 31. h3 Qf7 32. Kh2 Qf5 33. dxe6 Rxd2 34.
Qxd2 Qxe6 35. b3 a4 36. Qd6 axb3 37. axb3 Kg8 38. Bd8 Qxd6 39. Rxd6 Bf8 40. Rd7
Re6 41. Kg3 Bd6 42. Rb7 Re8 43. Rd7 Re6 44. Kf2 Kf8 45. Bxb6 Ke8 46. Rb7 Be7
47. Ke2 Rc6 48. Kf1 Re6 49. Kg2 Rc6 50. Kg3 Re6 51. Kf2 Rc6 52. Ke2 Re6 53. Ba5
Ra6 54. Rb5 Kd7 55. Kf2 Kc6 56. Kg2 Bd6 57. Kf2 Be7 58. Ke2 Bd6 59. Kd1 Be7 60.
Kc2 Bd6 61. Kb2 Ra8 62. Rb6+ Kd7 63. Bc3 Kc7 64. Rb5 Rg8 65. Bf6 Rf8 66. Bg5
Ra8 67. Kb1 Kc6 68. Bf6 Rf8 69. Bh4 Ra8 70. Kb2 Kc7 71. Bf6 Kc6 72. Bc3 Rg8
1/2-1/2

[Event "BL 9394 HSK-Castrop Rauxel"]
[Site "?"]
[Date "1994.??.??"]
[Round "?.6"]
[White "Wegner, H."]
[Black "Hennig, D."]
[Result "0-1"]
[WhiteElo "2385"]
[BlackElo "2330"]
[PlyCount "98"]
[EventDate "1994.??.??"]

1. d4 d6 2. c4 e5 3. Nc3 exd4 4. Qxd4 Nc6 5. Qd2 Be7 6. b3 Bf6 7. Bb2 Nge7 8.
e4 O-O 9. Bd3 Nb4 10. Rd1 Nxd3+ 11. Qxd3 Ng6 12. Nge2 b6 13. O-O Bb7 14. Rd2
Qd7 15. Nd5 Bxb2 16. Rxb2 Rae8 17. Ng3 Nh4 18. Rd2 Bxd5 19. Qxd5 Ng6 20. f3 Ne7
21. Qb5 Qc6 22. Qxc6 Nxc6 23. Kf2 g6 24. Ne2 f5 25. exf5 Rxf5 26. Nc3 Kf8 27.
Nd5 Rf7 28. Re1 Rxe1 29. Kxe1 Ke8 30. Kf2 Kd7 31. Re2 Ne5 32. Kg3 c6 33. Nc3
Rf5 34. Rd2 Nf7 35. f4 a6 36. a4 a5 37. Kf3 Ng5+ 38. Ke3 Ne6 39. Ne4 d5 40.
cxd5 cxd5 41. Ng3 d4+ 42. Ke4 Rxf4+ 43. Kd5 h5 44. Kc4 h4 45. Nh1 Rf1 46. Nf2
Rc1+ 47. Kb5 Rc6 48. Ka6 Kc8 49. Ka7 Nc7 0-1

[Event "BL 9394 HSK-Castrop Rauxel"]
[Site "?"]
[Date "1994.??.??"]
[Round "?.7"]
[White "Hille, RI."]
[Black "Mowsziszian, K."]
[Result "0-1"]
[WhiteElo "2275"]
[BlackElo "2490"]
[PlyCount "75"]
[EventDate "1994.??.??"]

1. d4 Nf6 2. g3 g6 3. Bg2 Bg7 4. e4 d6 5. Nc3 O-O 6. Nge2 e5 7. O-O Nc6 8. dxe5
dxe5 9. Bg5 Be6 10. Nd5 Bxd5 11. exd5 Ne7 12. c4 h6 13. Bd2 Nf5 14. Bc3 Re8 15.
Qc2 h5 16. h3 Rc8 17. Rad1 Qe7 18. b4 c5 19. dxc6 bxc6 20. c5 Qb7 21. Qb3 e4
22. Rfe1 e3 23. Nd4 exf2+ 24. Kxf2 Rxe1 25. Rxe1 Nxd4 26. Bxd4 Ng4+ 27. hxg4
Bxd4+ 28. Kf1 Qb5+ 29. Re2 Re8 30. Qc2 Re3 31. a4 Qxb4 32. Rxe3 Bxe3 33. gxh5
gxh5 34. Bxc6 Bxc5 35. Bd5 Qb6 36. Qf5 Qc7 37. Qxh5 Bd4 38. Qg4+ {Zeit} 0-1